Villes de Chypre - Statistiques

Statistiques générales
  • Ce quiz a été pris 31 fois
  • Le résultat moyen est 5 sur 15
Statistiques - réponses
Ville Population % Correct
Nicosie 56 848
100%
Limassol 108 105
89%
Larnaca 52 038
79%
Paphos 37 297
79%
Paralímni 19 035
21%
Káto Polemídia 23 231
14%
Stròvolos 71 123
14%
Lakatámia 43 276
11%
Latsiá 18 579
11%
Yermasóyia 17 325
11%
Aradíppou 22 934
7%
Éngomi 20 502
7%
Mésa Yitoniá 15 949
7%
Ágios Athanásios 16 563
4%
Ýpsonas 13 966
4%
Aucun quiz correspondant
Distribution des résultats
% des personnes avec chaque résultat
Percentile par nombre de réponses
Votre historique - résultats
Vous n’avez pas pris ce quiz